000
00249nam a2200097 a 4500
005
20200929164959.0
008
100312s1961 000 spa d
245
0
_a
Panorama del folklore dominicano.
260
_a
Florida, USA,
_c
1961.
999
_c
16422
_d
16422
040
_a
DO-SdBNP